El mundo de las cosas (Record no. 75071)

MARC details
000 -LEADER
campo de control de longitud fija 00645nam a2200193 i 4500
001 - NÚMERO DE CONTROL
campo de control 75071
003 - IDENTIFICADOR DE NÚMERO DE CONTROL
campo de control ES-MaACL
005 - FECHA Y HORA DE LA ÚLTIMA TRANSACCIÓN
campo de control 20230906172329.0
007 - CAMPO FIJO DE DESCRIPCIÓN FÍSICA--INFORMACIÓN GENERAL
campo de control de longitud fija t|
008 - DATOS DE LONGITUD FIJA--INFORMACIÓN GENERAL
campo de control de longitud fija 040922s1960 sp ||||1| spa d
100 1# - ENTRADA PRINCIPAL--NOMBRE DE PERSONA
Nombre de persona Goñi Arregui, Fernando.
9 (RLIN) 59085
245 13 - MENCIÓN DEL TÍTULO
Título El mundo de las cosas
Resto del título : lo óntico, lo lógico, lo fenomémico /
Mención de responsabilidad, etc. Fernando Goñi Arregui.
260 ## - PUBLICACIÓN, DISTRIBUCIÓN, ETC.
Lugar de publicación, distribución, etc. Pamplona :
Nombre del editor, distribuidor, etc. Diputación Foral de Navarra,
Fecha de publicación, distribución, etc. 1960.
300 ## - DESCRIPCIÓN FÍSICA
Extensión 157 p. ;
Dimensiones 20 cm.
490 1# - MENCIÓN DE SERIE
Mención de serie Investigaciones filosófico-científicas
830 0# - PUNTO DE ACCESO ADICIONAL DE SERIE-TÍTULO UNIFORME
Título uniforme Investigaciones filosófico-científicas
9 (RLIN) 231238
852 ## - LOCALIZACIÓN
Ubicación ES-MaACL
Número de control de estantería C-19029
Sublocalización o colección R.46689
Holdings
Estatus retirado Estado de pérdida Estado de daño No para préstamo Biblioteca de origen Biblioteca actual Ubicación en estantería Fecha de adquisición Fuente de adquisición Total de préstamos Signatura topográfica completa Código de barras Visto por última vez Precio de reemplazo Tipo de ítem Koha
        Biblioteca del Ateneo de Madrid Biblioteca del Ateneo de Madrid Galería 17/01/2008     C-19029 1078577 23/02/2023 23/02/2023 Libro impreso